| 000 | 00912nam a22002772a 4500 | ||
|---|---|---|---|
| 999 |
_c10067 _d10067 |
||
| 001 | 10067 | ||
| 003 | BD - JhCC | ||
| 005 | 20180405103551.0 | ||
| 008 | 180405s1968 enkach 000 0beng d | ||
| 020 | _a0600031543 | ||
| 035 |
_aOCLC ocm00019623 from D960223M _a(BD - JhCC)10067 |
||
| 040 |
_aDLC _cDLC _dUKM _dEQO _dBD - JhCC |
||
| 041 | 1 | _aengita | |
| 050 | 0 |
_aND653.R4 _bL413 |
|
| 082 |
_a759.9492 _bLEP 1968 |
||
| 100 | 1 |
_aLepore, Mario, _d1912- |
|
| 245 | 1 | 4 |
_aThe life and times of Rembrandt / _ctext by Mario Lepore, translator [from the Italian] Julia Shaw |
| 260 |
_aLondon ; _aNew York [etc.] : _bHamlyn, _c1968. |
||
| 300 |
_a75 p. _bcol. illus., facsim., ports. (some col.) _c30 cm |
||
| 490 | 1 | _aPortraits of greatness | |
| 500 | _aIllus. on lining papers | ||
| 600 | 0 | 0 |
_aRembrandt Harmenszoon van Rijn, _d1606-1669. |
| 830 | 0 | _aPortraits of greatness | |
| 942 |
_2ddc _cREF |
||